| 000 | 01114nam a22002537a 4500 | ||
|---|---|---|---|
| 005 | 20110913152830.0 | ||
| 008 | 110913t xxu||||| |||| 00| 0 mar d | ||
| 010 | _aMAR-21429 | ||
| 020 | _c250.00 | ||
| 035 | _aMR-14087 | ||
| 037 | _bDBAD/PUB | ||
| 040 |
_aDPL _bMR |
||
| 082 | _a891.463 | ||
| 100 |
_934729 _aएखंडेपाटील,विलास |
||
| 245 |
_aटेन पर्सेंट / _cविलास एखंडेपाटील |
||
| 246 |
_aTen Percent _bby Vilas Ekhandepatil |
||
| 260 |
_aपुणे _bव्हिजन प्लस फाउंडेशन _c2011 |
||
| 270 |
_bपुणे _aऐ-2,मातृकृपा,1132/1मॉडेल कॉलनी, _e411016 |
||
| 300 |
_a303पृ. _c22सेमी(अजिल्द) |
||
| 650 |
_aमराठी कादंबरी _935522 |
||
| 650 |
_aMarathi Fiction _935523 |
||
| 942 |
_2ddc _cMR _mएखंडे _h891.463 |
||
| 999 |
_c57652 _d57652 |
||